Human resource management / (Record no. 348882)

000 -LEADER
fixed length control field 01857 a2200169 4500
020 ## - INTERNATIONAL STANDARD BOOK NUMBER
International Standard Book Number 0470804033 (paperback)
020 ## - INTERNATIONAL STANDARD BOOK NUMBER
International Standard Book Number 9780470804032 (paperback)
090 ## - LOCALLY ASSIGNED LC-TYPE CALL NUMBER (OCLC); LOCAL CALL NUMBER (RLIN)
-- 6523
-- 6523
100 1# - MAIN ENTRY--PERSONAL NAME
Personal name Stone, Raymond J.
245 10 - TITLE STATEMENT
Title Human resource management /
Statement of responsibility, etc. Raymond J. Stone.
250 ## - EDITION STATEMENT
Edition statement 5th ed.
260 ## - PUBLICATION, DISTRIBUTION, ETC.
Place of publication, distribution, etc. [S.l.] :
Name of publisher, distributor, etc. Wiley,
Date of publication, distribution, etc. 2004.
300 ## - PHYSICAL DESCRIPTION
Extent 882 p. ;
Dimensions 26 cm.
520 ## - SUMMARY, ETC.
Summary, etc. The fifth edition of "Human Resource Management" has been thoroughly revised and updated to reflect current issues and practice in HRM. A continuing emphasis is placed on HRM practice in the Asia-Pacific Rim as is the importance of strategy and managing diversity in human resource management. This new edition has expanded its practical, real world approach with the inclusion of Practitioner Speaks boxes, ethical sidebars and a new integrative case running through each chapter. The end of part and chapter case studies, ethical dilemmas, soapboxes, review questions, and practical exercises have been updated and expanded where necessary.The Diagnostic Model has been replaced with the Environmental Influences Model. This new model is provided in chapter 1 and is used as the basis for end-of-chapter questions throughout the book. Practitioner Speaks boxes are found in each chapter. They include a photo of a particular HR practitioner in the Asia-Pacific region, and outline his/her views on the theory in the chapter. Practitioner Speaks Exercises at the end of each chapter relate back to the Practitioner Speaks feature. Ethical dilemmas in the chapter margins are side notes on a relevant ethical issue in the chapter. A running case has been added new for this edition. Class debate activities have been included at the end of the chapter.
856 40 - ELECTRONIC LOCATION AND ACCESS
Materials specified Amazon.com
Uniform Resource Identifier <a href="http://www.amazon.com/exec/obidos/ASIN/0470804033/chopaconline-20">http://www.amazon.com/exec/obidos/ASIN/0470804033/chopaconline-20</a>
942 ## - ADDED ENTRY ELEMENTS (KOHA)
Institution code [OBSOLETE] NBS
Koha item type Book
Call number prefix 658.3 STO
Holdings
Withdrawn status Lost status Damaged status Not for loan Permanent Location Current Location Date acquired Total Checkouts Full call number Barcode Date last seen Date last checked out Price effective from Koha item type
        Central Library (CL) Central Library (CL) 08/28/2013 1 658.3 STO NBS6439 02/20/2015 02/17/2015 08/28/2013 Book
© 2023 Central Library, National University of Sciences and Technology. All Rights Reserved.